[Event "OMA-chT 6th"]
[Site "Muscat"]
[Date "2023.08.05"]
[Round "4.2"]
[White "Shreyas, Seshadri Nallore"]
[Black "Al Zadjali, Abdul Rahman"]
[Result "1-0"]
[WhiteElo "2138"]
[BlackElo "1753"]
[PlyCount "105"]
[EventDate "2023.08.03"]
[EventType "team-swiss"]
[EventRounds "9"]
[EventCountry "OMN"]
[SourceTitle "EXT 2024"]
[Source "ChessBase"]
[SourceDate "2023.10.10"]
[SourceVersion "1"]
[SourceVersionDate "2023.10.10"]
[SourceQuality "1"]
[WhiteTeam "Ibri"]
[BlackTeam "Salalah"]
[WhiteTeamCountry "OMN"]
[BlackTeamCountry "OMN"]

1. Nf3 d5 2. b3 Nf6 3. Bb2 Bf5 4. e3 e6 5. d4 Nbd7 6. Bd3 Ne4 7. Nbd2 Bd6 8. Qe2 0-0 9. Bxe4 dxe4 10. Ne5 Nxe5 11. dxe5 Bb4 12. c3 Bc5 13. g4 Bg6 14. h4 h6 15. 0-0-0 Qd3 16. Qxd3 exd3 17. c4 Rfd8 18. h5 Bh7 19. Rdg1 a5 20. a3 c6 21. Kb1 b5 22. Rc1 Rac8 23. Rhg1 Kf8 24. Rg3 Be7 25. f4 bxc4 26. Rxc4 Bh4 27. Rg2 Be1 28. Bc3 Rb8 29. Bxa5 Rxb3+ 30. Ka2 Bxd2 31. Rxd2 Rdb8 32. Bb4+ R3xb4 33. axb4 Ke7 34. e4 Rd8 35. Kb3 f5 36. exf6+ gxf6 37. Kc3 Rg8 38. Rg2 Rd8 39. Rd4 Ra8 40. Kxd3 Ra3+ 41. Ke2 Rc3 42. f5 e5 43. Rd3 Rc4 44. Ke3 Rxb4 45. Rgd2 Rb7 46. Rd8 Kf7 47. R2d7+ Rxd7 48. Rxd7+ Kg8 49. Rc7 Kh8 50. Rxc6 Kg7 51. Rc7+ Kg8 52. Kd2 Kh8 53. Rf7 1-0

[Event "Pula op 35th"]
[Site "Pula"]
[Date "2023.06.25"]
[Round "9"]
[White "Shreyas, Seshadri Nallore"]
[Black "Novosel, Lovro"]
[Result "0-1"]
[WhiteElo "2177"]
[BlackElo "2400"]
[PlyCount "118"]
[EventDate "2023.06.17"]
[EventType "swiss"]
[EventRounds "9"]
[EventCountry "CRO"]
[SourceTitle "CBM 214 Extra"]
[Source "ChessBase"]
[SourceDate "2023.07.31"]
[SourceVersion "1"]
[SourceVersionDate "2023.07.31"]
[SourceQuality "1"]

1. Nf3 c5 2. b3 Nf6 3. Bb2 g6 4. e3 Bg7 5. d4 0-0 6. dxc5 Na6 7. Bd4 Qc7 8. Nc3 b6 9. cxb6 axb6 10. Nb5 Qb8 11. Be2 Bb7 12. 0-0 Ng4 13. h3 Bxf3 14. hxg4 Bxe2 15. Qxe2 Nc5 16. a4 d5 17. Rfd1 e6 18. Bxg7 Kxg7 19. Rab1 h5 20. c4 hxg4 21. Qxg4 Rh8 22. cxd5 Qh2+ 23. Kf1 f5 24. Qf4 Qxf4 25. exf4 exd5 26. Kg1 Rh5 27. f3 Rah8 28. Kf2 Ne6 29. Rxd5 Nxf4 30. Rd7+ Kh6 31. Nd6 Rf8 32. Rb7 Kg5 33. Rxb6 Rh2 34. Rg1 Kh4 35. Rb4 Kg5 36. Rb7 Rf6 37. Kg3 Rh4 38. Nf7+ Kh5 39. Re1 Nd3 40. f4 Rg4+ 41. Kh3 Nxe1 42. g3 Nd3 43. Ne5 Nxf4+ 44. gxf4 Rxf4 45. Rh7+ Kg5 46. Kg3 Rf1 47. Nf7+ Rxf7 48. Rxf7 f4+ 49. Kg2 Rb1 50. a5 Rxb3 51. a6 Kg4 52. a7 Rb2+ 53. Kf1 Ra2 54. Rb7 g5 55. Rc7 Kg3 56. Rc5 g4 57. Rc3+ f3 58. Rxf3+ gxf3 59. a8Q Rxa8 0-1

[Event "Madrid Alcorcon op 1st"]
[Site "Madrid"]
[Date "2022.12.27"]
[Round "4"]
[White "Adan Bermudez, Sergio"]
[Black "Shreyas, Seshadri Nallore"]
[Result "0-1"]
[WhiteElo "2350"]
[BlackElo "1849"]
[PlyCount "152"]
[EventDate "2022.12.26"]
[EventType "swiss"]
[EventRounds "9"]
[EventCountry "ESP"]
[SourceTitle "CBM 212 Extra"]
[Source "ChessBase"]
[SourceDate "2023.03.31"]
[SourceVersion "1"]
[SourceVersionDate "2023.03.31"]
[SourceQuality "1"]

1. c4 Nf6 2. Nc3 e6 3. Nf3 d5 4. e3 Be7 5. b3 0-0 6. Bb2 b6 7. cxd5 exd5 8. d4 Bb7 9. Bd3 Nbd7 10. 0-0 c5 11. Ne2 Ne4 12. Ne5 cxd4 13. Nxd7 Qxd7 14. Nxd4 Bf6 15. Bb5 Qe7 16. Qg4 g6 17. Rac1 Rfc8 18. Qd7 Qxd7 19. Bxd7 Rxc1 20. Rxc1 Nc5 21. Bb5 Rc8 22. b4 Ne6 23. Rxc8+ Bxc8 24. Bc6 Nxd4 25. exd4 Be6 26. Kf1 Kf8 27. b5 Ke7 28. Ke2 Kd8 29. Kd3 Be7 30. Bc1 Kc7 31. Bf4+ Bd6 32. Be5 Bd7 33. Bxd5 Bxb5+ 34. Ke3 Be8 35. Kf4 f6 36. Bxd6+ Kxd6 37. Bg8 h6 38. a3 a5 39. h4 Bc6 40. g3 Bd5 41. Bh7 Bf7 42. h5 gxh5 43. Be4 Be6 44. Ke3 b5 45. Kd3 b4 46. axb4 axb4 47. Bg6 Kd5 48. f4 Kd6 49. Bxh5 f5 50. Bd1 Kc6 51. Ba4+ Kd6 52. Bb5 Bf7 53. Bc4 Bd5 54. Ba6 Kc7 55. Bb5 Kd6 56. Be8 Ke7 57. Bg6 Kf6 58. Bh5 Ke7 59. Kc2 Bc4 60. Kd2 Ke6 61. Be8 Kd5 62. Ke3 Kd6 63. Bg6 Ke6 64. Be8 b3 65. Kd2 b2 66. Kc2 Kd5 67. Bg6 Bd3+ 68. Kxb2 Kxd4 69. Bh7 Be4 70. Bg6 Ke3 71. Kc3 Kf3 72. Kd4 Kxg3 73. Ke3 Kg4 74. Bf7 h5 75. Kf2 h4 76. Bc4 h3 0-1

[Event "Madrid Alcorcon op 1st"]
[Site "Madrid"]
[Date "2022.12.26"]
[Round "2"]
[White "Shreyas, Seshadri Nallore"]
[Black "Perea Fruet, Lorenzo"]
[Result "1/2-1/2"]
[WhiteElo "1849"]
[BlackElo "2182"]
[PlyCount "85"]
[EventDate "2022.12.26"]
[EventType "swiss"]
[EventRounds "9"]
[EventCountry "ESP"]
[SourceTitle "CBM 212 Extra"]
[Source "ChessBase"]
[SourceDate "2023.03.31"]
[SourceVersion "1"]
[SourceVersionDate "2023.03.31"]
[SourceQuality "1"]

1. Nf3 c5 2. b3 Nc6 3. Bb2 d6 4. c4 e5 5. d3 g6 6. g3 Bg7 7. Bg2 Nge7 8. 0-0 0-0 9. Nc3 h6 10. Ne1 Be6 11. Nc2 d5 12. cxd5 Nxd5 13. Ne4 b6 14. Qd2 Rc8 15. Rfd1 Qe7 16. Nc3 Rfd8 17. Nxd5 Bxd5 18. Bxd5 Rxd5 19. Rac1 Rcd8 20. Ne3 R5d7 21. Nc4 Qe6 22. Qe3 Kh7 23. Nd2 f5 24. Nf3 Qd5 25. h4 f4 26. gxf4 exf4 27. Qd2 Bxb2 28. Qxb2 Nd4 29. Nxd4 cxd4 30. Qd2 g5 31. f3 Qf5 32. Kf2 Qh3 33. Rh1 Qg3+ 34. Kf1 g4 35. Qe1 gxf3 36. Qxg3 fxe2+ 37. Kxe2 fxg3 38. Kf3 Rg7 39. Kg2 h5 40. Rhf1 Re7 41. Rce1 Rde8 42. Rxe7+ Rxe7 43. Kxg3 1/2-1/2

[Event "Madurai Athens of the East op 2nd"]
[Site "Madurai"]
[Date "2022.07.02"]
[Round "7"]
[White "Abdyjapar, Asyl"]
[Black "Shreyas, Seshadri Nallore"]
[Result "1-0"]
[WhiteElo "2325"]
[BlackElo "1653"]
[PlyCount "83"]
[EventDate "2022.06.28"]
[EventType "swiss"]
[EventRounds "10"]
[EventCountry "IND"]
[SourceTitle "EXT 2023"]
[Source "ChessBase"]
[SourceDate "2022.10.05"]
[SourceVersion "1"]
[SourceVersionDate "2022.10.05"]
[SourceQuality "1"]

1. c4 Nf6 2. g3 c6 3. Nf3 d5 4. Bg2 g6 5. b3 Bg7 6. Bb2 0-0 7. 0-0 Nbd7 8. Qc2 b6 9. d3 Re8 10. Nc3 Bb7 11. Rac1 c5 12. cxd5 Nxd5 13. Nxd5 Bxd5 14. Bxg7 Kxg7 15. e4 Bb7 16. d4 cxd4 17. Nxd4 e5 18. Nb5 Ba6 19. Nc7 Bxf1 20. Bxf1 Nc5 21. Nxe8+ Qxe8 22. Bc4 Ne6 23. Bxe6 Qxe6 24. Qc7 Qe8 25. Kg2 h5 26. h3 Kg8 27. Rc2 Qb5 28. Qd6 Re8 29. Rc7 Ra8 30. Qf6 Qe8 31. Re7 Qf8 32. Qxe5 a5 33. Rd7 Re8 34. Qd5 Re7 35. Rd8 Re8 36. Rd6 Kh7 37. Rxb6 Rd8 38. Qxa5 Qe7 39. Qb4 Qe5 40. Rb7 Kg7 41. Qc4 Qf6 42. e5 1-0

[Event "Mumbai Wealth op U13 4th"]
[Site "Mumbai"]
[Date "2019.01.05"]
[Round "7"]
[White "Arushi, Srichandan"]
[Black "Shreyas, Seshadri Nallore"]
[Result "0-1"]
[WhiteElo "1100"]
[BlackElo "1343"]
[PlyCount "100"]
[EventDate "2018.12.30"]
[EventType "swiss"]
[EventRounds "9"]
[EventCountry "IND"]
[SourceTitle "CBM 188 Extra"]
[Source "ChessBase"]
[SourceDate "2019.02.26"]
[SourceVersion "1"]
[SourceVersionDate "2019.02.26"]
[SourceQuality "1"]

1. e4 e5 2. Bc4 Nf6 3. Nc3 Nc6 4. d3 h6 5. f4 d6 6. f5 Na5 7. Bb3 Nxb3 8. axb3 d5 9. Nf3 dxe4 10. dxe4 Qxd1+ 11. Kxd1 Bd6 12. Re1 Bd7 13. Nd2 a6 14. Nc4 0-0-0 15. Nxd6+ cxd6 16. Be3 Bc6 17. Bb6 Rd7 18. b4 Kb8 19. Kd2 d5 20. exd5 Nxd5 21. Nxd5 Rxd5+ 22. Kc3 Bd7 23. Rad1 Rxd1 24. Rxd1 Bxf5 25. Kb3 Re8 26. Rd8+ Rxd8 27. Bxd8 Kc8 28. Be7 h5 29. c3 Kd7 30. Bc5 Ke6 31. c4 Be4 32. g3 Kf5 33. h3 Bg2 34. h4 Kg4 35. Bf2 Kf3 36. Be1 Ke2 37. Bc3 f6 38. Kc2 Be4+ 39. Kc1 Kf2 40. Kd1 Kxg3 41. Be1+ Kf4 42. Ke2 f5 43. Bd2+ Kg4 44. Bg5 f4 45. Kf2 Bd3 46. c5 e4 47. Be7 e3+ 48. Ke1 f3 49. Bg5 f2+ 50. Kd1 f1R# 0-1

[Event "Mumbai Wealth op U13 4th"]
[Site "Mumbai"]
[Date "2019.01.03"]
[Round "5"]
[White "Ks, Saikrishna"]
[Black "Shreyas, Seshadri Nallore"]
[Result "1/2-1/2"]
[WhiteElo "1138"]
[BlackElo "1343"]
[PlyCount "110"]
[EventDate "2018.12.30"]
[EventType "swiss"]
[EventRounds "9"]
[EventCountry "IND"]
[SourceTitle "CBM 188 Extra"]
[Source "ChessBase"]
[SourceDate "2019.02.26"]
[SourceVersion "1"]
[SourceVersionDate "2019.02.26"]
[SourceQuality "1"]

1. e4 e5 2. Nc3 Nc6 3. Bc4 Bc5 4. Qg4 g6 5. Qg3 d6 6. Nge2 Be6 7. Bb5 Nge7 8. d3 a6 9. Ba4 Qd7 10. Be3 Bxe3 11. fxe3 b5 12. Bb3 Bxb3 13. axb3 Nb4 14. Rc1 c5 15. d4 exd4 16. exd4 cxd4 17. Nxd4 d5 18. exd5 Nbxd5 19. 0-0 Nxc3 20. Qxc3 0-0 21. Rcd1 Qb7 22. Qf3 Qxf3 23. Nxf3 Nf5 24. Rd3 Rad8 25. Rfd1 Rxd3 26. Rxd3 Re8 27. Kf2 h5 28. Nd4 Nd6 29. Re3 Rc8 30. Kf3 Kf8 31. Rc3 Rxc3+ 32. bxc3 a5 33. Ke3 Ke8 34. Kd3 Kd7 35. c4 bxc4+ 36. bxc4 Nb7 37. Nb5 Kc6 38. Kd4 Nd8 39. c3 f6 40. Na7+ Kb7 41. Nb5 Kc6 42. Na7+ Kb7 43. Nb5 Ne6+ 44. Kd5 Nf4+ 45. Kd6 Ne6 46. Kd5 Nc7+ 47. Kc5 Nxb5 48. Kxb5 g5 49. Kxa5 Kc6 50. Kb4 h4 51. c5 g4 52. Kc4 f5 53. Kd4 f4 54. Ke4 f3 55. gxf3 g3 1/2-1/2

[Event "Mumbai Wealth op U13 4th"]
[Site "Mumbai"]
[Date "2018.12.31"]
[Round "2"]
[White "Shreyas, Seshadri Nallore"]
[Black "Bhagyashree, Patil"]
[Result "0-1"]
[WhiteElo "1343"]
[BlackElo "1758"]
[PlyCount "90"]
[EventDate "2018.12.30"]
[EventType "swiss"]
[EventRounds "9"]
[EventCountry "IND"]
[SourceTitle "CBM 188 Extra"]
[Source "ChessBase"]
[SourceDate "2019.02.26"]
[SourceVersion "1"]
[SourceVersionDate "2019.02.26"]
[SourceQuality "1"]

1. e4 e5 2. Nf3 Nc6 3. d4 exd4 4. Nxd4 Bc5 5. Be3 Bb6 6. Bc4 d6 7. Nc3 Nge7 8. 0-0 0-0 9. f4 Na5 10. Be2 f5 11. exf5 Nxf5 12. Nxf5 Bxf5 13. Bxb6 axb6 14. Bd3 Qf6 15. Bxf5 Qxf5 16. b3 Qc5+ 17. Kh1 Qxc3 18. Qd5+ Kh8 19. Rac1 Nc6 20. a4 Rae8 21. Qh5 Re6 22. f5 Rh6 23. Qg4 Qd4 24. Qe2 Qe5 25. Qxe5 Nxe5 26. h3 Rhf6 27. g4 g6 28. Rf4 Kg7 29. Rcf1 gxf5 30. g5 R6f7 31. h4 Ng6 32. Rc4 f4 33. h5 Ne5 34. Rc3 f3 35. Kh2 c6 36. Kg3 Rf4 37. Kh3 R8f5 38. h6+ Kg6 39. Rd1 d5 40. Rg1 f2 41. Rf1 Rxg5 42. Re3 Nf3 43. Rxf3 Rxf3+ 44. Kh2 Rf4 45. Rxf2 Rh4# 0-1